=LDR 00000nam 2200000 4500 =001 INLIS000000000037724 =005 20130612143436 =008 ***********************************Ind** =035 ##$$0010-061300000037724 =041 ##$$a Ind =082 ##$$a 650.1 =090 ##$$a 650.1, Lij b =100 ##$$a Li, James Kayul =245 ##$$a Berani memulai dan menjalankan bisnis kedai fish and chip dan burger, James Kayul Li ; penerjemah, R Tantie Kustantie =260 ##$$a 2010 $b jakarta =300 ##$$a 235 hlm, ilus, 23 cm =650 ##$$a Bisnis =850 ##$$a NBPNMAT =990 ##$$a 11711171 =990 ##$$a 01201901171